| 000 | 01305cam a2200397 i 4500 | ||
|---|---|---|---|
| 999 |
_c8678 _d8678 |
||
| 001 | 18129989 | ||
| 003 | GBCCL | ||
| 005 | 20241126110656.0 | ||
| 007 | ta | ||
| 008 | 130420s2013 ii g 001 0 eng d | ||
| 010 | _a 2014347545 | ||
| 020 | _a9788192512136 (paperback) | ||
| 020 | _a8192512134 (paperback) | ||
| 025 | _aI-E-2014-347545; 13-90 | ||
| 035 | _a(OCoLC)ocn858135778 | ||
| 035 | _a(OCoLC)858135778 | ||
| 037 | _aLibrary of Congress -- New Delhi Overseas Office | ||
| 040 |
_aDKAGE _beng _erda _cDKAGE _dDLC |
||
| 042 |
_alccopycat _alcode |
||
| 050 | 0 | 0 |
_aBS1430.2 _b.M49 2013 |
| 082 | 0 | 4 |
_a223.206 _223 _bMIL |
| 100 | 1 |
_aMiller, Robert D., _cII, _eauthor. _915331 |
|
| 245 | 1 | 4 |
_aThe psalms as Israel's prayer and our own / _cRobert D. Miller II. |
| 264 | 1 |
_aNew Delhi : _bChristian World Imprints, _c2013. |
|
| 300 |
_aviii, 102 pages ; _c22 cm. |
||
| 336 |
_atext _btxt _2rdacontent |
||
| 337 |
_aunmediated _bn _2rdamedia |
||
| 338 |
_avolume _bnc _2rdacarrier |
||
| 490 | 0 |
_aChristian heritage rediscovered ; _v2 |
|
| 500 | _aIncludes index. | ||
| 630 | 0 | 0 |
_aBible. _pPsalms _xCriticism, interpretation, etc. _92721 |
| 650 | 0 |
_aPrayer _xJudaism. _915332 |
|
| 906 |
_a7 _bcbc _ccopycat _d3 _encip _f20 _gy-gencatlg |
||
| 942 |
_2ddc _cBK _01 |
||